The parole process / (Record no. 182011)
[ view plain ]
| 000 -LEADER | |
|---|---|
| fixed length control field | 00861cam4a220025300 4500 |
| 001 - CONTROL NUMBER | |
| control field | qce00800272 |
| 005 - DATE AND TIME OF LATEST TRANSACTION | |
| control field | 20190830100700.0 |
| 008 - FIXED-LENGTH DATA ELEMENTS--GENERAL INFORMATION | |
| fixed length control field | 720817s1959 ilu b 001 0 eng |
| 010 ## - LIBRARY OF CONGRESS CONTROL NUMBER | |
| LC control number | 59008495 |
| 035 ## - SYSTEM CONTROL NUMBER | |
| System control number | (Sirsi) r108757 |
| 035 ## - SYSTEM CONTROL NUMBER | |
| System control number | (QCAT)lss00272755 |
| 035 ## - SYSTEM CONTROL NUMBER | |
| System control number | (UPRA)qce00800272 |
| 040 ## - CATALOGING SOURCE | |
| Modifying agency | UPRA |
| 043 ## - GEOGRAPHIC AREA CODE | |
| Geographic area code | n-us--- |
| 050 0# - LIBRARY OF CONGRESS CALL NUMBER | |
| Classification number | HV9278 |
| Item number | .G5 |
| 082 ## - DEWEY DECIMAL CLASSIFICATION NUMBER | |
| Classification number | 364.620973 |
| 100 1# - MAIN ENTRY--PERSONAL NAME | |
| Personal name | Giardini, G. I. (Giovanni Ippolito), 1897- |
| Fuller form of name | Giardini, G. I. (Giovanni Ippolito), 1897- |
| Dates associated with a name | Giardini, G. I. (Giovanni Ippolito), 1897- |
| Linkage | A67621.1 |
| 245 14 - TITLE STATEMENT | |
| Title | The parole process / |
| Statement of responsibility, etc. | by G.I. Giardini. |
| 260 ## - PUBLICATION, DISTRIBUTION, ETC. | |
| Place of publication, distribution, etc. | Springfield, IL : |
| Name of publisher, distributor, etc. | Thomas, |
| Date of publication, distribution, etc. | c1959. |
| 504 ## - BIBLIOGRAPHY, ETC. NOTE | |
| Bibliography, etc. note | Includes bibliographies and index. |
| 650 #0 - SUBJECT ADDED ENTRY--TOPICAL TERM | |
| Topical term or geographic name entry element | Parole -- United States. |
| Geographic subdivision | Parole -- United States. |
| Linkage | S51784.1 |
| 949 ## - LOCAL PROCESSING INFORMATION (OCLC) | |
| a | HV9278 |
| w | lcc |
| i | -155087 |
| m | MAIN |
| t | BOOK |
| l | ON-SHELF |
No items available.